000 00835cab a2200241 4500
001 ABS50883
008 090401t1994 xxu||||| |||| 00| 0 eng d
035 _a(Sirsi) u90635
041 _aeng
100 _aHughes, N.
245 _aThat sinking feeling...
260 _c1994
350 _a0
490 _aVoluntary Housing
_vJuly 1994, 20-22(2)
520 _aAdvises housing associations on setting up sinking funds to provide for the costs of future major repairs, expected and unexpected. Describes a way for associations to insure against the cost of building failure and how this relates to a sinking fund.
650 _aHOUSING ACT 1988
650 _aHOUSING ASSOCIATION GRANT
650 _aHOUSING ASSOCIATIONS
650 _aSINKING FUNDS
690 _aBlock management
_96220
942 _n0
948 _c04/03/1997
999 _c57471
_d57471